[Event "Campeonato Brasileiro Amador 2015"]
[Site "Esporte Clube Pinheiros, São P"]
[Date "2015.05.03"]
[Round "6.25"]
[White "Dias, Marcelo De Souza"]
[Black "Souza Dos Santos, Matheus Garcett"]
[Result "1-0"]
[WhiteElo "1816"]
[BlackElo "2058"]
[PlyCount "33"]
[EventDate "2015.04.30"]

1. d4 Nf6 2. c4 c5 3. d5 e6 4. Nc3 exd5 5. cxd5 d6 6. e4 g6 7. Bd3 Bg7 8. h3
O-O 9. Nf3 b5 10. Bxb5 Nxe4 11. Nxe4 Qa5+ 12. Nfd2 Qxb5 13. Nxd6 Qa6 14. N2c4
Rd8 15. Bf4 Bf8 16. Qe2 Rxd6 17. Nxd6 1-0

[Event "Campeonato Brasileiro Amador 2015"]
[Site "Esporte Clube Pinheiros, São P"]
[Date "2015.05.03"]
[Round "6.26"]
[White "Ueti, Silvio Shigueo"]
[Black "Ribeiro, Allysson"]
[Result "1-0"]
[WhiteElo "2075"]
[BlackElo "1861"]
[PlyCount "63"]
[EventDate "2015.04.30"]

1. c4 e5 2. g3 Nc6 3. Nc3 g6 4. Bg2 Bg7 5. e4 Nge7 6. Nge2 O-O 7. O-O f5 8. d3
h6 9. Be3 d6 10. Qd2 Kh7 11. f4 Nd4 12. Rab1 c6 13. b4 Be6 14. exf5 Nexf5 15.
Bf2 Qd7 16. b5 c5 17. Nxd4 cxd4 18. Nd5 Bxd5 19. Bxd5 exf4 20. gxf4 Rae8 21.
Be4 Qc7 22. Kh1 b6 23. Rg1 Ne7 24. Rg4 Qc5 25. Rbg1 Rf6 26. Bh4 Re6 27. Bxe7
R8xe7 28. Rxg6 Rxg6 29. Qg2 Kg8 30. Qxg6 Kf8 31. Bd5 Qb4 32. Qf5+ 1-0

[Event "Campeonato Brasileiro Amador 2015"]
[Site "Esporte Clube Pinheiros, São P"]
[Date "2015.05.03"]
[Round "6.27"]
[White "Bonfim, Regina Rodrigues"]
[Black "Pedroso, Andre Lucio"]
[Result "1/2-1/2"]
[WhiteElo "2025"]
[BlackElo "1850"]
[PlyCount "70"]
[EventDate "2015.04.30"]

1. d4 e6 2. c4 d5 3. Nc3 Nf6 4. cxd5 exd5 5. Bg5 Be7 6. e3 O-O 7. Nf3 Bf5 8.
Bd3 Bxd3 9. Qxd3 c6 10. O-O Nbd7 11. Rad1 Re8 12. Rfe1 h6 13. Bf4 Ne4 14. Ne5
Ndf6 15. f3 Nxc3 16. bxc3 Nh5 17. Qf5 Nf6 18. g4 Bd6 19. g5 Bxe5 20. Bxe5 Nd7
21. gxh6 Nxe5 22. dxe5 g6 23. Qf4 Qe7 24. Rb1 b6 25. Qa4 Qxe5 26. Qxc6 Rac8 27.
f4 Rxc6 28. fxe5 Rxe5 29. Rb3 Rce6 30. Ra3 a5 31. Rb3 Rh5 32. Rb5 Rxh6 33. Rxd5
Rh3 34. Rd3 g5 35. Kg2 g4 1/2-1/2

[Event "Campeonato Brasileiro Amador 2015"]
[Site "Esporte Clube Pinheiros, São P"]
[Date "2015.05.03"]
[Round "6.28"]
[White "Pimentel, Rafael Favarin G"]
[Black "Togni, Everton Batista"]
[Result "1-0"]
[WhiteElo "1992"]
[BlackElo "1846"]
[PlyCount "99"]
[EventDate "2015.04.30"]

1. d4 Nf6 2. Bf4 e6 3. e3 b6 4. h3 Bb7 5. Nf3 Be7 6. Bd3 Nc6 7. c3 O-O 8. Nbd2
h6 9. O-O Bd6 10. Ne5 Be7 11. Ne4 d6 12. Nxf6+ Bxf6 13. Nxc6 Bxc6 14. Qg4 Bg5
15. h4 f5 16. Bxg5 hxg5 17. Qxg5 Qe8 18. f3 Rf6 19. Kf2 Rg6 20. Qf4 Qe7 21. Rh1
Bd7 22. h5 Rh6 23. Qh4 Qf7 24. a4 a5 25. Bb5 c6 26. Bc4 d5 27. Be2 b5 28. axb5
a4 29. b6 Be8 30. Qf4 Qe7 31. Qc7 Qxc7 32. bxc7 Rc8 33. Rxa4 Rxc7 34. Ra8 Kf8
35. g4 g6 36. g5 Rxh5 37. Rxh5 gxh5 38. f4 Ke7 39. Kg3 c5 40. Kh4 cxd4 41. exd4
Rb7 42. Ra2 Kf8 43. c4 Rb4 44. Bxh5 Bc6 45. g6 Rb3 46. Ra7 Bb7 47. cxd5 exd5
48. Kg5 Kg7 49. Bf3 Kg8 50. Rxb7 1-0

[Event "Campeonato Brasileiro Amador 2015"]
[Site "Esporte Clube Pinheiros, São P"]
[Date "2015.05.03"]
[Round "6.29"]
[White "Benitez, Ed Carlos Leite Luqu"]
[Black "Brassoloto, Adan"]
[Result "1-0"]
[WhiteElo "1974"]
[BlackElo "1820"]
[PlyCount "87"]
[EventDate "2015.04.30"]

1. e4 c5 2. Nf3 g6 3. d4 cxd4 4. Nxd4 Nc6 5. Nc3 Bg7 6. Be3 Nf6 7. Bc4 Qa5 8.
O-O O-O 9. Bb3 d6 10. Nd5 Qd8 11. f3 Nxd4 12. Bxd4 Nd7 13. Bxg7 Kxg7 14. Qd4+
Kg8 15. f4 a5 16. f5 Ne5 17. f6 exf6 18. Nxf6+ Kg7 19. Rad1 Ra6 20. Kh1 h5 21.
h3 Be6 22. Qc3 b5 23. Qg3 Bxb3 24. Nxh5+ Kh6 25. Nf6 Kg7 26. cxb3 Rh8 27. Rd5
b4 28. Qg5 Qc7 29. Rfd1 Qd8 30. Nh5+ Kh7 31. Rxe5 Qxg5 32. Rxg5 gxh5 33. Rxh5+
Kg7 34. Rxh8 Kxh8 35. Rd5 Kg7 36. Kh2 Kg6 37. Kg3 Kf6 38. Kf4 Ke6 39. h4 Ra8
40. g4 f6 41. Rb5 Ra7 42. h5 a4 43. Rxb4 a3 44. bxa3 1-0

[Event "Campeonato Brasileiro Amador 2015"]
[Site "Esporte Clube Pinheiros, São P"]
[Date "2015.05.03"]
[Round "6.30"]
[White "Guimaraes, Artemis Pamela"]
[Black "Caris, Eduardo"]
[Result "0-1"]
[WhiteElo "1963"]
[BlackElo "1813"]
[PlyCount "92"]
[EventDate "2015.04.30"]

1. e4 c6 2. d4 d5 3. e5 g6 4. Nf3 Bg4 5. Be2 Bg7 6. Nbd2 e6 7. h3 Bxf3 8. Nxf3
Ne7 9. O-O O-O 10. Bf4 Nd7 11. Qd2 c5 12. c3 Rc8 13. Bd3 Nc6 14. Rad1 Qa5 15.
dxc5 Qxc5 16. Rfe1 Qa5 17. Bb1 b5 18. Qe2 Qb6 19. Be3 Qb8 20. Bd4 b4 21. Bd3
bxc3 22. bxc3 Qc7 23. Rb1 Rb8 24. Rb3 Na5 25. Rb5 Rxb5 26. Bxb5 Rc8 27. Qe3 Nc4
28. Bxc4 Qxc4 29. Rb1 Rb8 30. Rxb8+ Nxb8 31. Bxa7 Nc6 32. Bd4 Qxa2 33. Qf4 h6
34. Qe3 Na5 35. Bc5 Nc4 36. Qd4 Qe2 37. Qh4 Nxe5 38. Nxe5 Bxe5 39. g3 Qe1+ 40.
Kg2 Qxc3 41. Qd8+ Kh7 42. Be7 Qc2 43. Qf8 Qe4+ 44. Kg1 Qf5 45. Kg2 Bd4 46. f4
Qe4+ 0-1

[Event "Campeonato Brasileiro Amador 2015"]
[Site "Esporte Clube Pinheiros, São P"]
[Date "2015.05.03"]
[Round "6.31"]
[White "Guerra, Filipe Tella"]
[Black "Rodrigo Da Silva, Edson"]
[Result "1/2-1/2"]
[WhiteElo "1870"]
[BlackElo "1963"]
[PlyCount "102"]
[EventDate "2015.04.30"]

1. e4 e5 2. Nf3 Nc6 3. d4 exd4 4. Nxd4 Nf6 5. Nxc6 bxc6 6. e5 Qe7 7. Qe2 Nd5 8.
c4 Ba6 9. Nd2 g6 10. b3 Bg7 11. Bb2 O-O 12. Qe4 Nb6 13. O-O-O Rfe8 14. f4 d5
15. Qc2 Bc8 16. h3 Bh6 17. g3 Rd8 18. Bd3 Nd7 19. cxd5 cxd5 20. Qxc7 Qc5+ 21.
Qxc5 Nxc5 22. Bc2 Ba6 23. Kb1 Nd3 24. Bd4 Nb4 25. Rde1 Nxc2 26. Kxc2 Bf8 27.
Nf3 Ba3 28. Re3 Rac8+ 29. Rc3 Bb4 30. Rxc8 Rxc8+ 31. Kb2 Bd3 32. Rh2 a6 33. a3
Be7 34. Rd2 Be4 35. Ne1 h5 36. Nc2 Bxc2 37. Rxc2 Bxa3+ 38. Kb1 Rxc2 39. Kxc2
Bb4 40. Kd3 Kf8 41. g4 hxg4 42. hxg4 Ke7 43. f5 Kd7 44. Ke3 gxf5 45. gxf5 Kc6
46. Kf4 Be7 47. f6 Bf8 48. Kf5 Kd7 49. Ba7 Bb4 50. Bd4 Bf8 51. Be3 Bb4 1/2-1/2

[Event "Campeonato Brasileiro Amador 2015"]
[Site "Esporte Clube Pinheiros, São P"]
[Date "2015.05.03"]
[Round "6.32"]
[White "Aoyama, Edmundo"]
[Black "Ikeda, Vinicius Yasuto"]
[Result "0-1"]
[WhiteElo "1829"]
[BlackElo "1944"]
[PlyCount "119"]
[EventDate "2015.04.30"]

1. Nf3 d5 2. g3 Nf6 3. Bg2 e6 4. d4 Nbd7 5. O-O Bd6 6. c3 Ne4 7. Nbd2 f5 8.
Nxe4 fxe4 9. Ng5 Nf6 10. f3 h6 11. Nh3 exf3 12. exf3 Bd7 13. a4 g5 14. Qd3 Rg8
15. Bd2 Qe7 16. c4 dxc4 17. Qxc4 Bc6 18. f4 Bd5 19. Bxd5 exd5 20. Qb3 O-O-O 21.
fxg5 Ne4 22. Be3 Kb8 23. Rae1 Qh7 24. Nf4 hxg5 25. Nd3 Rh8 26. Qc2 Bxg3 27. Re2
Bf4 28. Nxf4 gxf4 29. Bxf4 Rdg8+ 30. Kh1 Rf8 31. Qc1 Qf7 32. Rc2 Ng3+ 33. Bxg3
Qxf1+ 34. Qxf1 Rxf1+ 35. Kg2 Rf7 36. a5 Kc8 37. b4 Re8 38. b5 Re6 39. Kg1 Kd8
40. Kg2 Rg7 41. Rc5 Rd7 42. Rc2 a6 43. Rb2 axb5 44. Rxb5 c6 45. Rb2 Re3 46. Ra2
Re4 47. a6 bxa6 48. Rxa6 Rxd4 49. Rxc6 Rc4 50. Re6 d4 51. Re2 d3 52. Rd2 Rc2
53. Bf4 Re7 54. Kf3 Rxd2 55. Bxd2 Kd7 56. h4 Ke8 57. Be3 Kf7 58. Bd2 Kg6 59.
Bg5 Re2 60. Bd8 0-1

[Event "Campeonato Brasileiro Amador 2015"]
[Site "Esporte Clube Pinheiros, São P"]
[Date "2015.05.03"]
[Round "6.33"]
[White "Lunelli, Neuri Antonio"]
[Black "Rocha, Arthur Ferreira"]
[Result "0-1"]
[WhiteElo "1808"]
[BlackElo "1943"]
[PlyCount "78"]
[EventDate "2015.04.30"]

1. d4 Nf6 2. e3 b6 3. Bd3 Bb7 4. Nf3 g6 5. O-O Bg7 6. Nbd2 d5 7. Ne5 O-O 8. f4
e6 9. c3 Ne4 10. Rf3 f5 11. Rh3 Bxe5 12. fxe5 Nc6 13. Qe1 Qe7 14. Nf3 Rf7 15.
Bd2 Raf8 16. Qe2 Kg7 17. Be1 h6 18. Nh4 Ng5 19. Rg3 Kh7 20. Nxg6 Kxg6 21. h4
Rh7 22. Bd2 Rg8 23. hxg5 h5 24. e4 dxe4 25. Bxe4 Nxd4 26. cxd4 Bxe4 27. Rc1 Qd7
28. Qf2 Qd5 29. Rgc3 Rgg7 30. a4 Rd7 31. Be3 h4 32. Kh2 a5 33. Rc4 Qb7 34. Qd2
c5 35. Qf2 Bd5 36. dxc5 Bxc4 37. Rxc4 bxc5 38. Bxc5 h3 39. g3 Rd1 0-1

[Event "Campeonato Brasileiro Amador 2015"]
[Site "Esporte Clube Pinheiros, São P"]
[Date "2015.05.03"]
[Round "6.34"]
[White "Van Riemsdijk, Felipe Herman"]
[Black "Lisboa Torres, Eduardo"]
[Result "0-1"]
[WhiteElo "1771"]
[BlackElo "1941"]
[PlyCount "58"]
[EventDate "2015.04.30"]

1. f4 c5 2. Nf3 Nc6 3. e3 d6 4. b3 Nf6 5. Bb5 Bd7 6. Bb2 e6 7. O-O Be7 8. Nc3
a6 9. Bxc6 Bxc6 10. Ne2 b5 11. d3 Qb6 12. h3 h6 13. e4 O-O-O 14. Kh1 Rhg8 15.
a4 bxa4 16. Bxf6 Bxf6 17. e5 Be7 18. bxa4 g5 19. Nc3 gxf4 20. Qe2 dxe5 21. Qxe5
Qc7 22. Qh5 Bf6 23. Qxc5 Bxf3 24. Qxc7+ Kxc7 25. Rxf3 Bxc3 26. Rb1 Rb8 27. Rb3
Rxb3 28. cxb3 e5 29. Rf1 Rd8 0-1

[Event "Campeonato Brasileiro Amador 2015"]
[Site "Esporte Clube Pinheiros, São P"]
[Date "2015.05.03"]
[Round "6.35"]
[White "Dias, Matheus Nunes"]
[Black "Maia, Jonathan Cesar"]
[Result "0-1"]
[WhiteElo "1638"]
[BlackElo "1940"]
[PlyCount "76"]
[EventDate "2015.04.30"]

1. d4 d5 2. c4 e6 3. Nc3 Nf6 4. Bg5 Nbd7 5. e3 Be7 6. Nf3 O-O 7. Rc1 h6 8. Bh4
c6 9. Qc2 Re8 10. Bd3 dxc4 11. Bxc4 Nd5 12. Bxe7 Qxe7 13. a3 Nxc3 14. Qxc3 e5
15. dxe5 Nxe5 16. Nxe5 Qxe5 17. Qb3 Re7 18. O-O Qg5 19. e4 b6 20. Rcd1 Be6 21.
Bxe6 Rxe6 22. Rd7 Re7 23. Rfd1 Rxd7 24. Rxd7 Qc1+ 25. Rd1 Qf4 26. Rd7 Re8 27.
f3 Re5 28. Rxa7 Qc1+ 29. Kf2 Qd2+ 30. Kf1 Rg5 31. Qxf7+ Kh7 32. g4 Qxb2 33. h4
Rc5 34. Qf5+ Rxf5 35. exf5 Qc1+ 36. Kg2 Qf4 37. Rb7 b5 38. Rb6 Qc7 0-1

[Event "Campeonato Brasileiro Amador 2015"]
[Site "Esporte Clube Pinheiros, São P"]
[Date "2015.05.03"]
[Round "6.36"]
[White "Ribeiro, Jose Joselito"]
[Black "Silva, Janderson Rossi Da"]
[Result "0-1"]
[WhiteElo "1928"]
[BlackElo "1810"]
[PlyCount "100"]
[EventDate "2015.04.30"]

1. c4 Nf6 2. Nc3 e6 3. g3 d5 4. cxd5 exd5 5. d4 Be7 6. Bg2 c6 7. Nf3 O-O 8. O-O
Bf5 9. Qb3 Qc8 10. Bg5 Re8 11. Rac1 Ne4 12. Bxe7 Nxc3 13. Rxc3 Rxe7 14. e3 Nd7
15. Rfc1 Nf6 16. Nd2 Qe6 17. f3 Rae8 18. a4 h5 19. a5 a6 20. Kf2 g5 21. Bh1 g4
22. Re1 gxf3 23. Bxf3 Be4 24. Nxe4 Nxe4+ 25. Bxe4 Qxe4 26. Qc2 Qg4 27. Kg2 h4
28. Qe2 Qxd4 29. Qf3 Qe4 30. Qxe4 Rxe4 31. gxh4 Rxh4 32. Rb3 Re7 33. Kg3 Ra4
34. h4 Rxa5 35. Rb4 Rb5 36. Rg4+ Kh7 37. Re2 a5 38. Kf3 Rb4 39. e4 Rbxe4 40.
Rexe4 Rxe4 41. Rxe4 dxe4+ 42. Kxe4 Kg6 43. Ke5 b5 44. Kd6 f5 45. Kxc6 f4 46.
Kxb5 f3 47. Kxa5 f2 48. b4 f1=Q 49. b5 Qf8 50. Kb6 Qb8+ 0-1

[Event "Campeonato Brasileiro Amador 2015"]
[Site "Esporte Clube Pinheiros, São P"]
[Date "2015.05.03"]
[Round "6.37"]
[White "Pires Da Silva, Saulo De Tarso"]
[Black "Yoshioka, Andre"]
[Result "1/2-1/2"]
[WhiteElo "1925"]
[BlackElo "1754"]
[PlyCount "147"]
[EventDate "2015.04.30"]

1. d4 d5 2. c4 c6 3. Nc3 Nf6 4. cxd5 cxd5 5. Bf4 Nc6 6. Nf3 Bf5 7. e3 e6 8. Nh4
Bg4 9. Qb3 Bb4 10. f3 Bh5 11. g4 Bg6 12. Nxg6 hxg6 13. Bb5 Qa5 14. Be2 Rc8 15.
O-O Nd7 16. Rac1 O-O 17. Kg2 Qd8 18. h4 f5 19. Nxd5 exd5 20. Rxc6 Rxc6 21. Qxb4
Rc2 22. Re1 fxg4 23. Kg3 gxf3 24. Bxf3 Nb6 25. Qb3 Qc8 26. Bxd5+ Nxd5 27. Qxd5+
Kh8 28. h5 Qc6 29. Qxc6 Rxc6 30. Rh1 gxh5 31. Rxh5+ Kg8 32. d5 Rc2 33. d6 Rf7
34. Rd5 Rd7 35. Be5 Kf7 36. Kf4 Ke6 37. e4 b6 38. a4 Rc5 39. Rxc5 bxc5 40. Bc3
Rxd6 41. Bxg7 Ra6 42. Bf8 c4 43. Ke3 Rxa4 44. Kd4 c3+ 45. Kxc3 Rxe4 46. Kb3 Kd5
47. Ba3 Kc6 48. Bf8 Kb5 49. Ba3 a5 50. Bf8 Re3+ 51. Ka2 Rh3 52. Be7 Kc4 53. Bf6
Rd3 54. Bg7 a4 55. Bc3 Rd1 56. Bf6 Kd3 57. Bg7 Kc2 58. Bf6 Rd3 59. Bg7 Rh3 60.
Be5 Rh5 61. Bf6 Rh7 62. Be5 Kd3 63. Bf6 Kc4 64. Be5 Re7 65. Bf6 Re8 66. Ka3 Rg8
67. Bc3 Rg1 68. Ka2 a3 69. Bf6 Rf1 70. b3+ Kb5 71. Be7 Rf7 72. Bxa3 Rf3 73. Be7
Rxb3 74. Kxb3 1/2-1/2

[Event "Campeonato Brasileiro Amador 2015"]
[Site "Esporte Clube Pinheiros, São P"]
[Date "2015.05.03"]
[Round "6.43"]
[White "Costa, Francisco Carlos Da "]
[Black "Schwertner, Joao Victor Moreir"]
[Result "0-1"]
[WhiteElo "2001"]
[BlackElo "1771"]
[PlyCount "96"]
[EventDate "2015.04.30"]

1. d4 d5 2. c4 e6 3. Nf3 Nf6 4. Nc3 b6 5. Bg5 dxc4 6. e4 Be7 7. Bxc4 Bb7 8.
Bb5+ c6 9. Bd3 O-O 10. O-O Nbd7 11. Rc1 c5 12. e5 Nd5 13. Bxe7 Qxe7 14. dxc5
Nxc5 15. Bb1 Rad8 16. Qc2 g6 17. Ne4 Nxe4 18. Qxe4 Nc3 19. Qe3 Nxb1 20. Rxb1
Bxf3 21. Qxf3 Rd2 22. Rfd1 Rfd8 23. Rxd2 Rxd2 24. Qc3 Qd7 25. g3 Rd1+ 26. Rxd1
Qxd1+ 27. Kg2 Qd5+ 28. f3 Qxa2 29. Kh3 Qd5 30. Kg4 Kg7 31. h4 b5 32. h5 a5 33.
hxg6 hxg6 34. Qc7 a4 35. f4 Qd1+ 36. Kh3 Qh5+ 37. Kg2 g5 38. Qe7 Qg6 39. Kf3
Kh6 40. Ke3 gxf4+ 41. gxf4 Qg3+ 42. Ke4 Qg2+ 43. Kd3 Qf3+ 44. Kc2 Qxf4 45. Qc5
b4 46. Qb5 Qe4+ 47. Qd3 Qxd3+ 48. Kxd3 a3 0-1

[Event "Campeonato Brasileiro Amador 2015"]
[Site "Esporte Clube Pinheiros, São P"]
[Date "2015.05.03"]
[Round "6.44"]
[White "Nunes, Agatha Hurba"]
[Black "Tomic, Marco Di Pillo"]
[Result "0-1"]
[WhiteElo "1765"]
[BlackElo "2000"]
[PlyCount "34"]
[EventDate "2015.04.30"]

1. d4 d5 2. Nf3 Nf6 3. Bf4 g6 4. c4 Bg7 5. Nc3 c5 6. e3 Qa5 7. Qa4+ Qxa4 8.
Nxa4 cxd4 9. exd4 O-O 10. Be5 Nc6 11. cxd5 Nb4 12. Rd1 Bf5 13. Bxf6 Bxf6 14.
Bc4 Bc2 15. Nc3 Bxd1 16. Kxd1 Rac8 17. Be2 Rfd8 0-1

[Event "Campeonato Brasileiro Amador 2015"]
[Site "Esporte Clube Pinheiros, São P"]
[Date "2015.05.03"]
[Round "6.46"]
[White "Carlos, Roberta Souto"]
[Black "Buarque, Hugo Leonardo De Bri"]
[Result "1/2-1/2"]
[WhiteElo "1682"]
[BlackElo "1992"]
[PlyCount "43"]
[EventDate "2015.04.30"]

1. d4 d5 2. c4 e6 3. Nc3 Nf6 4. e3 Be7 5. Nf3 O-O 6. Bd3 Nbd7 7. c5 c6 8. O-O
b6 9. b4 a5 10. b5 bxc5 11. bxc6 Nb8 12. Bb5 Ba6 13. a4 Qc7 14. dxc5 Nxc6 15.
Ba3 Nd7 16. Nd4 Bb7 17. Nb3 Nb4 18. e4 Nxc5 19. exd5 Nxb3 20. Qxb3 exd5 21.
Bxb4 Bxb4 22. Nxd5 1/2-1/2

[Event "Campeonato Brasileiro Amador 2015"]
[Site "Esporte Clube Pinheiros, São P"]
[Date "2015.05.03"]
[Round "6.47"]
[White "Budde, Vinicius Chemale"]
[Black "Queiroz, Stella Becker"]
[Result "1-0"]
[WhiteElo "1988"]
[BlackElo "1728"]
[PlyCount "37"]
[EventDate "2015.04.30"]

1. d4 Nf6 2. c4 e5 3. dxe5 Ng4 4. Nf3 Bc5 5. e3 Nc6 6. Be2 Ngxe5 7. O-O O-O 8.
Nc3 d6 9. b3 Qf6 10. Bb2 Qg6 11. Kh1 Be6 12. Nd4 f5 13. Bf3 f4 14. Nxe6 Nxf3
15. Nxf8 Qh6 16. Qxf3 Rxf8 17. exf4 Rxf4 18. Qd5+ Kh8 19. Bc1 1-0

[Event "Campeonato Brasileiro Amador 2015"]
[Site "Esporte Clube Pinheiros, São P"]
[Date "2015.05.03"]
[Round "6.48"]
[White "Cordioli, Jairo Ribeiro"]
[Black "Nikolic, Jovane"]
[Result "1-0"]
[WhiteElo "1945"]
[BlackElo "1728"]
[PlyCount "56"]
[EventDate "2015.04.30"]

1. d4 c5 2. d5 d6 3. c4 b5 4. cxb5 a6 5. bxa6 Bxa6 6. g3 Nf6 7. Bg2 g6 8. Nf3
Bg7 9. O-O O-O 10. Nc3 Nbd7 11. h3 Qa5 12. Re1 Rfb8 13. e4 Ne8 14. Qc2 Ra7 15.
Bd2 c4 16. a4 Qc7 17. Ra2 Nc5 18. Be3 Rab7 19. Bxc5 Qxc5 20. e5 Rb3 21. Qd2 Qb4
22. Re2 dxe5 23. Nxe5 Bb7 24. Nxf7 Bxc3 25. bxc3 Qxc3 26. Nh6+ Kf8 27. Qf4+ Qf6
28. Qxb8 Bxd5 1-0

[Event "Campeonato Brasileiro Amador 2015"]
[Site "Esporte Clube Pinheiros, São P"]
[Date "2015.05.03"]
[Round "6.49"]
[White "Viaro Baccarin, Natalia"]
[Black "Francelli, Derli"]
[Result "1-0"]
[WhiteElo "1940"]
[BlackElo "1696"]
[PlyCount "101"]
[EventDate "2015.04.30"]

1. e4 e6 2. d3 Nf6 3. Nd2 d5 4. g3 dxe4 5. dxe4 b6 6. Bg2 Bb7 7. Ne2 Bc5 8. O-O
O-O 9. c3 Nbd7 10. Qc2 Ne5 11. Nb3 Qd3 12. Qxd3 Nxd3 13. Nxc5 Nxc5 14. f3 h6
15. Be3 Nd3 16. b3 Rad8 17. Rfd1 Ba6 18. Nf4 Nxf4 19. Bxf4 c5 20. Bf1 Bxf1 21.
Kxf1 Rd7 22. Rxd7 Nxd7 23. Rd1 e5 24. Rxd7 exf4 25. Rxa7 fxg3 26. hxg3 Rd8 27.
Ke2 b5 28. Rb7 Ra8 29. Rxb5 Rxa2+ 30. Kd3 Rf2 31. Ke3 Rb2 32. Rxc5 Rxb3 33.
Rc8+ Kh7 34. Kd4 g5 35. Ra8 h5 36. Ra1 Rb2 37. Rc1 Rd2+ 38. Ke3 Rg2 39. c4 Rxg3
40. Kf2 h4 41. c5 Rh3 42. c6 Rh2+ 43. Kg1 Ra2 44. c7 Ra8 45. c8=Q Rxc8 46. Rxc8
Kg6 47. Rc5 f6 48. Kg2 Kf7 49. Kh3 Kg6 50. Kg4 Kf7 51. f4 1-0

[Event "Campeonato Brasileiro Amador 2015"]
[Site "Esporte Clube Pinheiros, São P"]
[Date "2015.05.03"]
[Round "6.50"]
[White "Federzoni, Enzo"]
[Black "Sa, Antonio Villar Marqu"]
[Result "0-1"]
[WhiteElo "1677"]
[BlackElo "1938"]
[PlyCount "94"]
[EventDate "2015.04.30"]

1. e4 e5 2. Nf3 Nc6 3. d4 exd4 4. Nxd4 Bc5 5. Be3 Qf6 6. Nb5 Bxe3 7. fxe3 Qh4+
8. g3 Qd8 9. Qg4 Kf8 10. Qf4 d6 11. Bc4 Ne5 12. Bb3 Bh3 13. Nd4 Qf6 14. Nd2 a6
15. O-O-O Re8 16. a3 Ng4 17. Rde1 Ne7 18. Nf5 Ng6 19. Qf3 N6e5 20. Qe2 g6 21.
Nd4 Kg7 22. Nc4 c5 23. Rhf1 Bxf1 24. Rxf1 Qe7 25. h3 Nxc4 26. Qxg4 Nxe3 27.
Nf5+ Nxf5 28. exf5 f6 29. h4 Qe2 30. Qxe2 Rxe2 31. Rd1 Rhe8 32. Rxd6 Re1+ 33.
Kd2 R8e2+ 34. Kd3 Rd1+ 35. Kxe2 Rxd6 36. fxg6 hxg6 37. a4 b6 38. Bc4 Rd4 39. b3
a5 40. Bd3 f5 41. h5 Rxd3 42. cxd3 gxh5 43. Kf3 Kg6 44. Kg2 Kg5 45. Kf3 f4 46.
gxf4+ Kf5 47. Kg3 h4+ 0-1

[Event "Campeonato Brasileiro Amador 2015"]
[Site "Esporte Clube Pinheiros, São P"]
[Date "2015.05.03"]
[Round "6.51"]
[White "Lopes Pereira, Eder"]
[Black "Souza, Gustavo Horokoski De"]
[Result "0-1"]
[WhiteElo "1649"]
[BlackElo "1928"]
[PlyCount "80"]
[EventDate "2015.04.30"]

1. d4 d5 2. c4 e6 3. Nc3 Be7 4. Nf3 Nf6 5. Bg5 O-O 6. e3 h6 7. Bh4 b6 8. cxd5
Nxd5 9. Bxe7 Qxe7 10. g3 Bb7 11. Bg2 Nd7 12. O-O Rac8 13. Rc1 c5 14. Nxd5 Bxd5
15. a3 Rc7 16. Nh4 Bxg2 17. Nxg2 Rfc8 18. d5 exd5 19. Qxd5 Ne5 20. Rcd1 Rd7 21.
Qb3 Nf3+ 22. Kh1 Nd2 23. Qa4 Rcd8 24. Rfe1 Nf3 25. Rxd7 Qxd7 26. Qxd7 Rxd7 27.
Rb1 Rd2 28. Nh4 Nxh4 29. gxh4 Rxf2 30. b4 c4 31. a4 Ra2 32. a5 bxa5 33. bxa5
Rxa5 34. Rb4 Rc5 35. Kg1 c3 36. Rb1 c2 37. Rc1 a5 38. Kf1 a4 39. Ke1 a3 40. Kd2
a2 0-1

[Event "Campeonato Brasileiro Amador 2015"]
[Site "Esporte Clube Pinheiros, São P"]
[Date "2015.05.03"]
[Round "6.52"]
[White "Medeiros, Thauane Ferreira"]
[Black "Saito, Helio Tsutomu"]
[Result "1-0"]
[WhiteElo "1911"]
[BlackElo "1634"]
[PlyCount "75"]
[EventDate "2015.04.30"]

1. d4 c5 2. c3 d5 3. Nf3 Nc6 4. e3 e6 5. Bd3 Nf6 6. Nbd2 Be7 7. dxc5 Bxc5 8. b4
Bd6 9. a3 Bd7 10. O-O Rc8 11. Bb2 Ne5 12. Nxe5 Bxe5 13. Rc1 b5 14. Qe2 a6 15.
a4 Qb6 16. axb5 axb5 17. Nf3 Bd6 18. Nd4 Rb8 19. Ra1 e5 20. Nf5 O-O 21. Nxd6
Qxd6 22. Ra5 Qb6 23. Qd2 Rfd8 24. Rfa1 Qd6 25. Qe2 e4 26. Bxb5 Bg4 27. Qd2 Nd7
28. Qd4 Qg6 29. Bxd7 Rxd7 30. Ra8 Rbd8 31. R1a6 Qg5 32. Kf1 h6 33. h3 Be6 34.
b5 Qh5 35. c4 f6 36. Rxd8+ Rxd8 37. Rxe6 Kh7 38. Rxe4 1-0

[Event "Campeonato Brasileiro Amador 2015"]
[Site "Esporte Clube Pinheiros, São P"]
[Date "2015.05.03"]
[Round "6.53"]
[White "De Borba, Gabriel"]
[Black "Vicentin, Marcos Tadeu"]
[Result "0-1"]
[WhiteElo "1637"]
[BlackElo "1909"]
[PlyCount "58"]
[EventDate "2015.04.30"]

1. e4 d5 2. exd5 Nf6 3. Bb5+ Bd7 4. Bc4 Bg4 5. f3 Bf5 6. Nc3 c6 7. dxc6 Nxc6 8.
Nge2 e5 9. O-O Bc5+ 10. Kh1 O-O 11. d3 h6 12. Ne4 Bb6 13. N2c3 Nh5 14. g4 Bxe4
15. fxe4 Nf4 16. Nd5 Nxd5 17. Bxd5 Qh4 18. c3 Rad8 19. Qf3 Rd6 20. Be3 Bxe3 21.
Bxf7+ Rxf7 22. Qxf7+ Kh7 23. Rf3 Bf4 24. Rxf4 exf4 25. Qxf4 Rf6 26. Qg3 Qxg3
27. hxg3 Rf2 28. Rb1 Ne5 29. d4 Nf3 0-1

[Event "Campeonato Brasileiro Amador 2015"]
[Site "Esporte Clube Pinheiros, São P"]
[Date "2015.05.03"]
[Round "6.54"]
[White "Pereira, Daniele Costa"]
[Black "Tamarozi, Isabelle"]
[Result "0-1"]
[WhiteElo "1582"]
[BlackElo "1904"]
[PlyCount "92"]
[EventDate "2015.04.30"]

1. Nf3 Nf6 2. g3 g6 3. b3 Bg7 4. Bb2 O-O 5. Bg2 d6 6. d3 e5 7. c4 Nc6 8. O-O h6
9. Nc3 Nh5 10. a3 a5 11. Nd5 f5 12. Qc2 Nf6 13. Nd2 g5 14. Rfc1 f4 15. c5 Be6
16. Nxf6+ Qxf6 17. Bxc6 bxc6 18. cxd6 fxg3 19. Ne4 gxf2+ 20. Kh1 Qf4 21. dxc7
Bg4 22. Qd1 Bh3 23. Ng3 f1=Q+ 24. Nxf1 Qf2 25. Ne3 Qxe3 26. Qc2 Rf2 27. Rg1
Qxe2 28. Qxe2 Rxe2 29. Bc3 Be6 30. Rg3 Rf8 31. Bxa5 Rff2 32. Bb6 Rxh2+ 33. Kg1
Rc2 34. a4 Bc8 35. a5 Ra2 36. Re1 Rhc2 37. Rd1 g4 38. b4 h5 39. Re3 Kf7 40.
Rf1+ Ke7 41. Rfe1 h4 42. d4 g3 43. dxe5 Rg2+ 44. Kh1 Rh2+ 45. Kg1 Rag2+ 46. Kf1
h3 0-1

[Event "Campeonato Brasileiro Amador 2015"]
[Site "Esporte Clube Pinheiros, São P"]
[Date "2015.05.03"]
[Round "6.55"]
[White "Silva, Alexandre Freitas So"]
[Black "Lopes, Edson"]
[Result "1-0"]
[WhiteElo "1903"]
[BlackElo "1612"]
[PlyCount "61"]
[EventDate "2015.04.30"]

1. e4 c5 2. Nf3 Nc6 3. d4 cxd4 4. Nxd4 d6 5. Be3 Nf6 6. f3 e6 7. Nc3 Be7 8. Qd2
O-O 9. g4 Ne5 10. O-O-O Bd7 11. h4 a6 12. h5 b5 13. Bd3 Qc7 14. Kb1 Nxd3 15.
Qxd3 b4 16. Nce2 d5 17. g5 dxe4 18. fxe4 Ng4 19. Bf4 e5 20. Bg3 Bxg5 21. c4
bxc3 22. Nxc3 Rfd8 23. Nd5 Qc5 24. Nf3 Bb5 25. Qb3 Bh6 26. Nxe5 Nxe5 27. Bxe5
Rac8 28. Rhg1 Kf8 29. Bc3 Ke8 30. Bb4 Qc4 31. Nf6+ 1-0